00761nam a22002537a 45000010005000000030009000050050017000140070005000310080048000360400022000840820019001061000016001252450043001412600031001843000027002156500011002426500016002539420012002699450027002819520126003089560021004349560037004559990015004920074DO-SdBNP20171113112745.00074151117b sp 2004 xxu||||| |||| 00| 0 spa d aBPMSUbspacBPMSU 4a796.334bV195f10aValls, Joan10aFútbol de la "A ala Z" /cJoan Valls aBarcelona :bSony ,c2004. a176 p. :bil.,c22 cm. aFUTBOL aFUTBOLISTAS 2ddccBK aInventariado, 2017/MFF 00102ddc40708CGaBPMETbBPMETd2015-11-17eDonaciónl0o796.334 V195fpBPMSU15110324r2015-11-17w2015-11-17yBK aBrenda Tavárez aValidado. Control de calidad MFF c8760d8760